[Event "36th Olympiad"]
[Site "Calvia ESP"]
[Date "2004.10.22"]
[Round "7"]
[White "Kotronias,V"]
[Black "Damljanovic,B"]
[Result "1-0"]
[WhiteElo "2599"]
[BlackElo "2578"]

1.e4 d6 2.d4 Nf6 3.Nc3 e5 4.dxe5 dxe5 5.Qxd8+ Kxd8 6.Bc4 Ke8 7.Nf3 Bd6 8.Bg5 Nbd7
9.O-O-O a6 10.a4 h6 11.Bh4 g5 12.Bg3 Ke7 13.h3 Re8 14.Nh2 h5 15.Nf3 h4 16.Bh2 Rg8
17.Rhe1 Rg7 18.Kb1 Kf8 19.Bf1 Ne8 20.Nd5 f6 21.Bg1 c6 22.Ne3 Nc5 23.a5 Bc7
24.Nc4 Be6 25.Nfd2 Nd7 26.f3 Nd6 27.Nxd6 Bxd6 28.Bc4 Ke7 29.Bxe6 Kxe6 30.Nc4 Bc7
31.Rd3 Rgg8 32.Rb3 Rgb8 33.Rd1 Ke7 34.Bf2 Ke6 35.Kc1 Ke7 36.Rdd3 Ke8 37.Rb4 Kd8
38.Bb6 Rc8 39.Nd6 Rcb8 40.Nc4 Kc8 41.Rbb3 Kd8 42.Rd2  1-0

[Event "36th Olympiad"]
[Site "Calvia ESP"]
[Date "2004.10.22"]
[Round "7"]
[White "Godena,M"]
[Black "Mitkov,N"]
[Result "1-0"]
[WhiteElo "2550"]
[BlackElo "2539"]

1.e4 d6 2.d4 Nf6 3.Nc3 e5 4.Nf3 Nbd7 5.Bc4 Be7 6.O-O O-O 7.Re1 c6 8.a4 a5
9.h3 exd4 10.Nxd4 Nc5 11.Bf4 Be6 12.Nxe6 fxe6 13.e5 d5 14.exf6 Bxf6 15.Qg4 h5
16.Qg3 dxc4 17.Rad1 Qe8 18.Bd6 Be7 19.Re5 Bxd6 20.Rxd6 b6 21.Ne4 Qe7 22.Rd4 h4
23.Qg6 Nxe4 24.Qxe4 Rad8 25.Rxd8 Qxd8 26.Qxc6 Qd1+ 27.Kh2 Rxf2 28.Qxe6+ Rf7
29.Rd5 Qf1 30.Rd8+ Kh7 31.Qe4+ Qf5 32.Qxh4+ Kg6 33.Rd6+ Rf6 34.Rxf6+ gxf6
35.Qg4+ Qxg4 36.hxg4 c3 37.b3 Kf7 38.Kg3 Ke6 39.Kf4 Kd5 40.Kf5 Kd4 41.Kxf6 Ke3
42.g5 Kd2 43.g6 Kxc2 44.g7 Kb2 45.g8=Q c2 46.Qc4 c1=Q 47.Qxc1+ Kxc1 48.g4 Kc2
49.g5  1-0

[Event "36th Olympiad"]
[Site "Calvia ESP"]
[Date "2004.10.23"]
[Round "8"]
[White "Abela,D"]
[Black "Antoniou,A"]
[Result "1-0"]
[WhiteElo "2088"]
[BlackElo "2211"]

1.e4 d6 2.d4 Nf6 3.Nc3 c6 4.Nf3 Qc7 5.h3 e5 6.Be3 a6 7.a4 b6 8.Bc4 Be7 9.O-O O-O
10.d5 cxd5 11.Bxd5 Bb7 12.Bxb7 Qxb7 13.Qd3 Nbd7 14.Rfd1 Rfc8 15.Nd2 Qc6 16.Rac1 Nc5
17.Bxc5 Qxc5 18.Nf1 Bf8 19.Ne3 Rc6 20.Ncd5 Nxd5 21.Nxd5 b5 22.axb5 axb5 23.b4 Qc4
24.Qxc4 bxc4 25.b5 Rc5 26.b6 Rb8 27.Ra1 Rxd5 28.Rxd5 Rxb6 29.Ra4 Rc6 30.Kf1 g6
31.Ra8 Rb6 32.Ke2 f5 33.f3 fxe4 34.fxe4 Kf7 35.Ra7+ Be7 36.Kd2 Ke6 37.Kc3 Rb1
38.Kxc4 Re1 39.Kd3 Bg5 40.Rb5 Re3+ 41.Kc4 Rxe4+ 42.Kb3 h6 43.Rg7 Rd4 44.Rbb7 e4
45.Rxg6+ Kf5 46.Rg8 e3 47.Re8 Kf4 48.h4 Bxh4 49.Rf7+ Kg3 50.Rxe3+ Kxg2 51.Re2+ Kg3
52.c3 Rd3 53.Kc4 Rd1 54.Re6 Bg5 55.Rd7 Bf4 56.Rg6+ Kh3 57.Rf6 Kg4 58.Rg7+ Bg5
59.Rxh6 Kf5 60.Rh5 Rg1 61.Kd5 Kf6  1-0

[Event "36th Olympiad"]
[Site "Calvia ESP"]
[Date "2004.10.23"]
[Round "8"]
[White "Ganguly,S"]
[Black "Cifuentes Parada,R"]
[Result "1/2-1/2"]
[WhiteElo "2559"]
[BlackElo "2540"]

1.e4 d6 2.d4 Nf6 3.Nc3 e5 4.Nf3 Nbd7 5.Bc4 Be7 6.O-O O-O 7.Re1 c6 8.a4 b6
9.b3 Bb7 10.Bd3 Re8 11.Bb2 a6 12.Ne2 Bf8 13.Ng3 Qc7 14.c4 a5 15.Qd2 Rad8
16.Rac1 g6 17.c5 bxc5 18.dxe5 Nxe5 19.Nxe5 dxe5 20.Qe2 Bc8 21.Bc4 Be6 22.Rcd1 Nd7
23.Bc3 Bxc4 24.Qxc4 Qa7 25.Qd3 Be7 26.Qd2 Nf8 27.Qe2 Qc7 28.Rxd8 Bxd8 29.Qb2 f6
30.Qe2 Ne6 31.Qc4 Kg7 32.Rd1 Re7 33.Nf1 Rd7 34.Bxa5 Qb7 35.Rxd7+ Qxd7 36.Bxd8 Nxd8
37.Qxc5 Ne6 38.Qc4 Nd4 39.h3 Qb7 40.b4 c5 41.Qxc5 Qxe4 42.Qe7+ Kg8 43.Qxf6 Qe1
44.Qd8+ Kg7 45.Qe7+ Kg8 46.Kh2 Ne2 47.Qe8+ Kg7 48.Qxe5+ Kg8 49.Qd5+ Kg7 50.Qd7+ Kg8
51.Qe8+ Kg7 52.Qe5+ Kf7 53.Qd5+ Kg7 54.Qd7+ Kg8 55.Qd8+  1/2-1/2

[Event "4th Rohde Open"]
[Site "Sautron FRA"]
[Date "2004.10.23"]
[Round "1"]
[White "Maze,S"]
[Black "Grill,M"]
[Result "1-0"]
[WhiteElo "2464"]
[BlackElo "2127"]

1.e4 d6 2.d4 Nf6 3.Nc3 Nbd7 4.g4 h6 5.Be3 e5 6.f3 c6 7.Qd2 Qc7 8.a4 b6 9.Nge2 a6
10.Ng3 g6 11.Bc4 Bb7 12.d5 cxd5 13.Bxd5 Bxd5 14.Nxd5 Nxd5 15.Qxd5 Rc8 16.c3 Be7
17.O-O Qc4 18.Rfd1 Kf8 19.Bf2 Kg7 20.Qxc4 Rxc4 21.Nf1 h5 22.Ne3 Rc6 23.Nd5 Bd8
24.Nb4 Rc4 25.gxh5 Rxh5 26.Rxd6  1-0

[Event "36th Olympiad"]
[Site "Calvia ESP"]
[Date "2004.10.24"]
[Round "9"]
[White "Phillips,R"]
[Black "Papatryfonos,C"]
[Result "1/2-1/2"]
[WhiteElo "2229"]
[BlackElo "2123"]

1.e4 d6 2.d4 Nf6 3.Nc3 c6 4.f4 Qa5 5.e5 Ne4 6.Qf3 d5 7.Bd3 Nxc3 8.Bd2 e6
9.Bxc3 Bb4 10.Ne2 c5 11.dxc5 Bxc3+ 12.bxc3 Qxc5 13.Rb1 a6 14.Qf2 Qxf2+ 15.Kxf2 b5
16.a4 bxa4 17.c4 Bd7 18.cxd5 exd5 19.c4 dxc4 20.Bxc4 O-O 21.Rb7 Bb5 22.Bxb5 axb5
23.Rxb5 Nc6 24.Ra1 Ra6 25.Ra3 Rfa8 26.Nc3 Nd4 27.Rd5 Nc6 28.Rc5 g5 29.fxg5 Nb4
30.Rc4 Nd3+ 31.Ke2 Nxe5 32.Re4 Nd7 33.Raxa4 Rxa4 34.Nxa4 Kg7 35.Nc3 Kg6 36.h4 Nc5
37.Re5 Ne6 38.g4 Ra3 39.Nd5 Kg7 40.Ne3 Nf4+ 41.Kd2 Kf8 42.Nf5 Rd3+ 43.Kc2 Rd5
44.Re4 Ne6 45.Rb4 Rd8 46.Rb7 Nd4+ 47.Kc3 Nf3 48.Re7 Nxh4 49.Re5 Nf3 50.Re3 Nxg5
51.Rd3 Ne4+ 52.Kc2 Rxd3 53.Kxd3 Nf2+ 54.Ke3 Nxg4+ 55.Kf4 Nf6 56.Kg5 Nd5 57.Kh6 Nf6
58.Kg5 Ng8 59.Ne3 f6+ 60.Kh5 Kf7 61.Nf5 Ke6 62.Kg4 Ke5 63.Ng3 Ne7 64.Kf3 Nf5
65.Nh5 Nd4+ 66.Ke3 f5 67.Nf4 Nc2+ 68.Kf3 Ne1+ 69.Ke3 h6 70.Nh5 Ng2+ 71.Kf3 Nh4+
72.Kg3 Ng6 73.Kf3 f4 74.Kg4 Ke4 75.Nf6+ Ke5 76.Nh5 Ke4 77.Nf6+ Kd3 78.Kf3 Kd4
79.Kg4 Kd3 80.Kf3 Kd4  1/2-1/2

[Event "5th Weekend Open"]
[Site "Novara ITA"]
[Date "2004.10.24"]
[Round "4"]
[White "Drei,A"]
[Black "De Santis,A"]
[Result "1/2-1/2"]
[WhiteElo "2247"]
[BlackElo "2268"]

1.e4 d6 2.d4 Nf6 3.Nc3 c6 4.f4 Qa5 5.Bd3 e5 6.Nf3 Bg4 7.Be3 Nbd7 8.O-O Be7
9.h3 Bh5 10.Qe2 O-O 11.Bd2 Bxf3 12.Qxf3 exd4 13.Nd5 Qd8 14.Nxe7+ Qxe7 15.Rae1 Nc5
16.e5 Nfd7 17.c3 dxc3 18.Bxc3 Nxd3 19.Qxd3 dxe5 20.fxe5 Nc5 21.Qc4 Ne6 22.Bb4 c5
23.Bc3 Rad8 24.Rd1 Rxd1 25.Rxd1 Rd8 26.Rd5 h6 27.Qd3 Rxd5 28.Qxd5 b6 29.a3 Qd8
30.Qb7 Nf4 31.Qf3 Ne6 32.Qb7 Nf4 33.Qf3 Ne6  1/2-1/2

[Event "5th Weekend Open"]
[Site "Novara ITA"]
[Date "2004.10.24"]
[Round "4"]
[White "Raineri,V"]
[Black "Borin,F"]
[Result "1/2-1/2"]
[WhiteElo "2182"]
[BlackElo "2203"]

1.e4 d6 2.d4 Nf6 3.Nc3 e5 4.dxe5 dxe5 5.Qxd8+ Kxd8 6.Nf3 Bd6 7.Bc4 Be6 8.Bxe6 fxe6
9.Bg5 a6 10.O-O-O Nc6 11.Rhe1 Ke7 12.Nb1 Raf8 13.Nbd2 b5 14.Re2 h6 15.Bxf6+ Rxf6
16.c3 Rhf8 17.Nb3 g5 18.Rdd2 a5 19.Kc2 g4 20.Nh4 b4 21.Nc1 Rb8 22.Nd3 a4
23.Rd1 bxc3 24.bxc3 Na5 25.Rb1 Rxb1 26.Kxb1 Nc4 27.f4 Kd7 28.f5 h5  1/2-1/2

[Event "4th Rohde Open"]
[Site "Sautron FRA"]
[Date "2004.10.24"]
[Round "2"]
[White "Santo Roman,M"]
[Black "Bojkov,D"]
[Result "1-0"]
[WhiteElo "2394"]
[BlackElo "2475"]

1.e4 d6 2.d4 Nf6 3.Nc3 e5 4.Nge2 c6 5.f3 b5 6.Be3 Be7 7.Qd2 O-O 8.g4 b4 9.Nd1 exd4
10.Nxd4 d5 11.e5 Nfd7 12.f4 Nc5 13.Nf2 Ne4 14.Nxe4 dxe4 15.O-O-O Qa5 16.Bc4 Ba6
17.Qe2 b3 18.cxb3 Qxa2 19.Nf5 Bb4 20.e6 fxe6 21.Bxe6+ Kh8 22.Bd4 Rxf5 23.Qxe4 Rf6
24.Bxf6 gxf6 25.Rd8+  1-0

[Event "36th Olympiad"]
[Site "Calvia ESP"]
[Date "2004.10.25"]
[Round "10"]
[White "Juarez Flores,R"]
[Black "Cueto,J BOL"]
[Result "0-1"]
[WhiteElo "2207"]
[BlackElo "2306"]

1.d4 d6 2.e4 Nf6 3.Nc3 Nbd7 4.f4 c6 5.Nf3 Qa5 6.e5 Ne4 7.Bd3 Nxc3 8.bxc3 Nb6
9.Bd2 Qa4 10.Qe2 d5 11.O-O g6 12.Nh4 e6 13.g4 Be7 14.Be1 Bd7 15.f5 O-O-O
16.f6 Ba3 17.Rb1 c5 18.Qe3 c4 19.Be2 Qxc2 20.Bd2 Na4 21.Nf3 Bb2 22.Kg2 h6
23.Rfc1 Bxc1 24.Rxc1 Qe4 25.Qxe4 dxe4 26.Ne1 Bc6 27.Kg3 b5 28.Rb1 e3 29.Bxe3 Nxc3
30.Rb2 a5  0-1

[Event "36th Olympiad w"]
[Site "Calvia ESP"]
[Date "2004.10.25"]
[Round "10"]
[White "Wan Khye Theng"]
[Black "Rautanen,S"]
[Result "1/2-1/2"]
[WhiteElo "1898"]
[BlackElo "1974"]

1.e4 d6 2.d4 Nf6 3.Nc3 e5 4.Nf3 Nbd7 5.Bc4 Be7 6.O-O O-O 7.a4 c6 8.h3 b6
9.Re1 a6 10.Qe2 Bb7 11.Bd2 Qc7 12.Kh1 b5 13.axb5 axb5 14.Bb3 exd4 15.Nxd4 Rfe8
16.Qf3 Bf8 17.Rxa8 Bxa8 18.Qf4 b4 19.Nd1 c5 20.Nf5 Rxe4 21.Rxe4 Bxe4 22.Nde3 Ne5
23.Nh6+ Kh8 24.Nhg4 Ng6 25.Qh2 Qe7 26.c3 Nxg4 27.Nxg4 bxc3 28.Bxc3 Qb7 29.Bd1 Qb5
30.f3 Qf1+ 31.Qg1 Qxg1+ 32.Kxg1 Bd5 33.Kf2 Be7 34.Nh6 f6 35.Nf5 Bf8 36.h4 Kg8
37.h5 Ne5 38.Ne3 Be6 39.Be2 d5 40.f4 Nd7 41.Bd2 g6 42.hxg6 hxg6 43.Bf3 d4
44.Nd5 Bd6 45.g3 Kf7 46.Ba5 c4 47.Ke2 Nc5 48.Bd8 f5 49.Bb6 Nb3 50.Nc7 d3+
51.Kd1 Bxc7 52.Bxc7 Ke7 53.Be5 Bd7 54.Bc3 Kd6 55.Ke1 Kc5 56.Bd1 Nd4 57.Kd2 Bc6
58.Ke3 Nb5 59.Be5 Nd6 60.g4 Bd7 61.Bd4+ Kd5 62.g5 Ne4 63.b3 c3 64.Kxd3 Bb5+
65.Ke3 Ba6 66.Bg7 Bb5 67.Bc2 Ba6 68.Bxe4+ fxe4 69.Bxc3 Bc8 70.Bd4 Bf5 71.b4 Kc6
72.Kd2 Kb5 73.Kc3 Be6 74.Bc5 Bf5 75.Kd4 Kc6  1/2-1/2

[Event "36th Olympiad w"]
[Site "Calvia ESP"]
[Date "2004.10.25"]
[Round "10"]
[White "Sanchez Castillo,S"]
[Black "Peicheva,E"]
[Result "1/2-1/2"]
[WhiteElo "2141"]
[BlackElo "2165"]

1.e4 d6 2.d4 Nf6 3.Nc3 e5 4.dxe5 dxe5 5.Qxd8+ Kxd8 6.Bg5 Be6 7.O-O-O+ Nd7
8.Bh4 Kc8 9.Nf3 h6 10.Bg3 Bd6 11.Nd2 Ne8 12.Bc4 Bxc4 13.Nxc4 f6 14.Rd2 a6
15.Rhd1 b5 16.Ne3 Nc5 17.f3 Ne6 18.Ncd5 Rf8 19.Nf5 Bc5 20.Bf2 Bxf2 21.Rxf2 Kb7
22.Nde3 h5 23.Rfd2 g6 24.Ne7 g5 25.N7f5 Nc5 26.Rd5 Kc6 27.c4 Rf7 28.R1d2 b4
29.h3 Ng7 30.Rd8 Rxd8 31.Rxd8 g4 32.hxg4 hxg4 33.Nxg4 Nxe4 34.Nxe5+ fxe5
35.fxe4 Nxf5 36.exf5 Rg7 37.Rd5 Rg5  1/2-1/2

[Event "36th Olympiad"]
[Site "Calvia ESP"]
[Date "2004.10.25"]
[Round "10"]
[White "Poulsen,Ma"]
[Black "Moser,E"]
[Result "0-1"]
[WhiteElo "2292"]
[BlackElo "2447"]

1.e4 d6 2.d4 Nf6 3.Nc3 Nbd7 4.Nf3 e5 5.Bc4 Be7 6.O-O O-O 7.h3 c6 8.a4 Qc7
9.Re1 b6 10.Bg5 Bb7 11.dxe5 Nxe5 12.Be2 Rad8 13.Qc1 Rfe8 14.Bf4 Ng6 15.Bh2 Bf8
16.Bc4 Ne5 17.Be2 a6 18.Nd2 b5 19.axb5 axb5 20.f4 Ng6 21.Bd3 b4 22.Na4 c5
23.c3 c4 24.cxb4 d5 25.f5 Ne5 26.exd5 Bxd5 27.Bf1 Bxb4 28.Rxe5 Rxe5 29.Nxc4 Bxc4
30.Bxe5 Qxe5 31.Qxc4 Bd6 32.Nc3 Qe3+ 33.Kh1 Qg3 34.Kg1 Qe3+ 35.Kh1 Nh5 36.Ne2 Qe5
37.Kg1 Bc5+ 38.Kh1 Bd6 39.Kg1 Qxf5 40.b4 Bh2+ 41.Kh1 Bb8 42.Rc1 Qe5 43.Kg1 Ba7+
44.Kh1 Bb8 45.Kg1 h6 46.Qc5 Qh2+ 47.Kf2 Nf6 48.Qf5 Ba7+ 49.Kf3 Qb8 50.b5 Qb6
51.Kg3 Re8 52.Rc5  0-1

[Event "36th Olympiad"]
[Site "Calvia ESP"]
[Date "2004.10.26"]
[Round "11"]
[White "Van den Doel,E"]
[Black "Zagorskis,D"]
[Result "1/2-1/2"]
[WhiteElo "2560"]
[BlackElo "2486"]

1.e4 d6 2.d4 Nf6 3.Nc3 e5 4.Nf3 Nbd7 5.Bc4 Be7 6.O-O c6 7.a4 Qa5 8.Be3 O-O
9.h3 exd4 10.Nxd4 Nc5 11.Qd2 Qb4 12.b3 a5 13.f3 Re8 14.Rfe1 Be6 15.Bf1 Bf8
16.Rad1 Ncd7 17.Bf2 h6 18.Nb1 Qxd2 19.Nxd2 d5 20.Nxe6 Rxe6 21.exd5 Rxe1 22.Bxe1 Nxd5
23.Nc4 Bc5+ 24.Kh1 b6 25.Bd3 Re8 26.Bd2 Kf8 27.g3 Ne5 28.Nxe5 Rxe5 29.Kg2 Ne3+
30.Bxe3 Rxe3 31.Rd2  1/2-1/2

[Event "36th Olympiad w"]
[Site "Calvia ESP"]
[Date "2004.10.27"]
[Round "12"]
[White "Richards,H"]
[Black "Collas,S"]
[Result "0-1"]
[WhiteElo "2197"]
[BlackElo "2349"]

1.e4 d6 2.d4 Nf6 3.Nc3 e5 4.Nf3 Nbd7 5.Bc4 Be7 6.O-O O-O 7.Re1 c6 8.a4 b6
9.d5 cxd5 10.Bxd5 Nxd5 11.Nxd5 Nf6 12.b3 Nxd5 13.Qxd5 Be6 14.Qd3 a6 15.Ba3 Qc7
16.c4 Rfd8 17.Rac1 Qb7 18.Nd2 b5 19.a5 bxc4 20.bxc4 Qc7 21.Bb4 Rab8 22.Qa3 Qc6
23.Nf1 Qb7 24.Rb1 Bxc4 25.Nd2 Bb5 26.Nf3 Bf8 27.Ng5 Bc6 28.Qa2 Qe7 29.h4 Rb5
30.Qc4 Be8 31.Red1 Qb7 32.Rd5 Rb8 33.Rxb5 Qxb5 34.Qxb5 Rxb5 35.Rb2 d5 36.Bc3 Rxb2
37.Bxb2 d4 38.f4 Bc5 39.Nf3 d3+ 40.Kf1 exf4 41.Bc3 Bc6 42.Nd2 f6 43.Ke1 h5
44.Kf1 Kf7 45.e5 fxe5 46.Bxe5 Be3 47.Bc3 Bd5 48.Bb4 Ke6 49.Bc3 g6 50.Bb4 Kf5
51.Nb1 Kg4 52.Be1 Bc6 53.Bc3 Kxh4 54.Be1+ Kg4 55.Bc3 h4 56.Be1 f3 57.gxf3+ Bxf3
58.Bc3 h3  0-1

[Event "36th Olympiad"]
[Site "Calvia ESP"]
[Date "2004.10.27"]
[Round "12"]
[White "De la Riva Aguado,O"]
[Black "Hernandez,Gi"]
[Result "1/2-1/2"]
[WhiteElo "2528"]
[BlackElo "2509"]

1.e4 d6 2.d4 Nf6 3.Nc3 e5 4.Nf3 Nbd7 5.Bc4 Be7 6.O-O O-O 7.Re1 c6 8.a4 a5
9.b3 exd4 10.Nxd4 Nc5 11.Bb2 Re8 12.Qd2 Bf8 13.f3 Qb6 14.Kh1 Bd7 15.Rad1 Re5
16.Nde2 Ree8 17.Nd4 Re5 18.Nde2  1/2-1/2

[Event "36th Olympiad w"]
[Site "Calvia ESP"]
[Date "2004.10.28"]
[Round "13"]
[White "Munoz,Ca"]
[Black "Peicheva,E"]
[Result "1/2-1/2"]
[WhiteElo "2091"]
[BlackElo "2165"]

1.e4 d6 2.d4 Nf6 3.Nc3 e5 4.dxe5 dxe5 5.Qxd8+ Kxd8 6.Bg5 Be6 7.O-O-O+ Nd7
8.f4 exf4 9.Nf3 h6 10.Bxf4 c6 11.Nd4 Bb4 12.e5 Bxc3 13.exf6 Bxd4 14.Rxd4 gxf6
15.Be2 Kc8 16.Rhd1 h5 17.Bg3 Ne5 18.Bxh5 b5 19.Be2 Bd5 20.Bxb5 Bxg2 21.Ba6+ Kc7
22.Bc4 Kb6 23.Be2 Bd5 24.Rf4 Rh6 25.Bf2+ Kc7 26.Bh4 Re8 27.Bg3 a5 28.Rdf1 Kb6
29.Rxf6 Rxf6 30.Rxf6 Nd7 31.Rf2 Nc5 32.Bf3 Bxa2 33.Bd6 Ne6 34.b3 a4 35.Kb2 axb3
36.cxb3 Ra8 37.Bh5 Ra6 38.Rf1 Nd4 39.Ra1 Ra5 40.Bxf7 Rf5 41.Bc4 Rf2+ 42.Kc3 Nb5+
43.Bxb5 Kxb5 44.b4 Rg2 45.h4 Bd5 46.Bc5 Rg3+ 47.Kd2 Rh3 48.Be7 Kc4 49.Re1 Kd4
50.Ke2 Re3+ 51.Kf2 Rxe1 52.Kxe1 Ke3 53.Kf1 Bf3 54.Kg1 Kf4 55.Kf2 Bh5 56.Bg5+ Ke4
57.Kg3 Bd1 58.Kf2 Bh5 59.Ke1 Kd3  1/2-1/2

[Event "Venetian Autumn Open"]
[Site "Venice ITA"]
[Date "2004.10.31"]
[Round "4"]
[White "Kasparov,S"]
[Black "Bianchi,An"]
[Result "1-0"]
[WhiteElo "2468"]
[BlackElo "2130"]

1.e4 d6 2.d4 Nf6 3.Nc3 e5 4.dxe5 dxe5 5.Qxd8+ Kxd8 6.Bc4 Be6 7.Bxe6 fxe6
8.f3 Nc6 9.Be3 Bd6 10.Nh3 Ke7 11.Nf2 Bb4 12.Bd2 Nd4 13.Rc1 b6 14.Nb1 Bxd2+
15.Nxd2 c5 16.c3 Nc6 17.Nd3 Nd7 18.b4 cxb4 19.cxb4 Rac8 20.Kf2 b5 21.Rhd1 Nb6
22.Nf1 Rhd8 23.Ra1 Rd4 24.a3 Rcd8 25.Ke2 h5 26.Ne3 Nc4 27.Rac1 a5 28.bxa5 N6xa5
29.Nc2 R4d6 30.Rb1 Rb6 31.Ndb4 Rxd1 32.Rxd1 Nc6 33.Rb1 Kd6 34.Nxc6 Kxc6 35.Nb4+ Kd6
36.Rb3 Na5 37.Rd3+ Ke7 38.Rc3 Kd6 39.Rc8 Nc6 40.Rg8 Rb7 41.Nxc6 Kxc6 42.Ra8 Kd6
43.h4 Ke7 44.Rh8 Ra7 45.Rxh5 Kf6 46.Rh8 Rxa3 47.Kf2 Ra2+ 48.Kg3 b4 49.Rb8 Rb2
50.Rb7 b3 51.Kh3 Rb1 52.Kg4 Kg6 53.Rb6 Kf7 54.Kg5 Rg1 55.g4 Rb1 56.Rb7+ Kf8
57.Kg6 b2 58.h5  1-0

[Event "WYg18"]
[Site "Heraklio GRE"]
[Date "2004.11.06"]
[Round "3"]
[White "Orlovska,M"]
[Black "Fominykh,M"]
[Result "0-1"]
[WhiteElo "2029"]
[BlackElo "2309"]

1.e4 d6 2.d4 Nf6 3.Nc3 Nbd7 4.Nf3 e5 5.Bc4 Be7 6.O-O O-O 7.Re1 c6 8.a4 exd4
9.Nxd4 d5 10.exd5 Nb6 11.Bd3 Nbxd5 12.Nxd5 Nxd5 13.Bf5 Bf6 14.Bxc8 Qxc8 15.c3 Re8
16.Rxe8+ Qxe8 17.Nf3 Rd8 18.Qe1 Qxe1+ 19.Nxe1 Nxc3 20.Be3 Nd1 21.Bxa7 Nxb2
22.Bb6 Re8 23.Be3 Nc4 24.Rb1 Nxe3 25.fxe3 Rxe3 26.Kf2 Re7 27.Rd1 h5 28.Nd3 Re4
29.Rb1 Rxa4 30.Rxb7 c5 31.Rc7 c4 32.Nf4 g6 33.Nd5 Be5 34.Rc8+ Kg7 35.h3 Ra5
36.Nb4 c3 37.Ke3 Rb5 38.Rc4 f5 39.Kd3 g5 40.g4 fxg4 41.hxg4 h4 42.Nc6 Bf6
43.Ra4 Rd5+ 44.Ke4 Rc5 45.Nd4 c2 46.Ra7+ Kg6  0-1

[Event "WYb10"]
[Site "Heraklio GRE"]
[Date "2004.11.06"]
[Round "4"]
[White "Yu Yangyi"]
[Black "Moussard,J"]
[Result "1-0"]
[WhiteElo "2140"]
[BlackElo "2008"]

1.e4 d6 2.d4 Nf6 3.Nc3 Nbd7 4.Be3 e5 5.f3 Be7 6.Qd2 O-O 7.g4 exd4 8.Bxd4 Ne5
9.O-O-O Be6 10.g5 Nfd7 11.f4 Nc4 12.Bxc4 Bxc4 13.Bxg7 Kxg7 14.Qd4+ Ne5 15.fxe5 Bxg5+
16.Kb1 Be6 17.exd6+ Qf6 18.e5 Qf4 19.Nge2 Qxd4 20.Nxd4 c6 21.Rhg1 Kh6 22.Ne4 Bf4
23.Nxe6 fxe6 24.Nf6 Bg5 25.Rxg5 Kxg5 26.Nxh7+ Kh4 27.Nxf8 Rxf8 28.c4 Kh3
29.Rd2 Re8 30.Kc2 Kg4 31.Rf2 Kg5 32.Rf6 a5 33.Rxe6  1-0

[Event "V Open"]
[Site "Sauzal ESP"]
[Date "2004.11.06"]
[Round "5"]
[White "Damljanovic,B"]
[Black "Hernandez,Gi"]
[Result "1/2-1/2"]
[WhiteElo "2578"]
[BlackElo "2509"]

1.d4 d6 2.e4 Nf6 3.Nc3 Nbd7 4.Nf3 e5 5.Bc4 Be7 6.O-O O-O 7.Re1 c6 8.a4 exd4
9.Nxd4 Ne5 10.Ba2 Re8 11.h3 a5 12.Bf4 Ng6 13.Bh2 h6 14.Qd2 Nh5 15.Nf3 Be6
16.Rad1 Bxa2 17.Nxa2 Qb6 18.b3 Rad8 19.Qe3 Qxe3 20.Rxe3 Nhf4 21.Nc3 Bf6 22.Ne2 Be5
23.Nxf4 Bxf4 24.Bxf4 Nxf4 25.Kf1 Kf8 26.h4 g6 27.g3 Ne6 28.Ree1 h5 29.Kg2 Re7
30.Nd2 d5  1/2-1/2

[Event "TCh-SWE Elitserien 2004-5"]
[Site "Skara SWE"]
[Date "2004.11.06"]
[Round "2"]
[White "Collett,P"]
[Black "Andersson,J"]
[Result "1/2-1/2"]
[WhiteElo "2215"]
[BlackElo "2150"]

1.d4 d6 2.e4 Nf6 3.Nc3 c6 4.Nf3 Bg4 5.Be3 e6 6.Bd3 d5 7.a3 dxe4 8.Nxe4 Nxe4
9.Bxe4 Nd7 10.h3 Bh5 11.c4 Nf6 12.Bc2 Be7 13.O-O O-O 14.Bg5 Bxf3 15.gxf3 Nh5
16.Qd3 g6 17.Bh6 Re8 18.Qe3 Bf6 19.Rad1 Qc7 20.Be4 Rad8 21.Rd2 Bg7 22.Bg5 f6
23.Bh6 f5 24.Bxg7 Qxg7 25.Bb1 Qf6 26.Kh2 Qh4 27.Rg1 Nf4 28.Rg3 Nh5 29.Rg1 Nf4
30.Rg3 Nh5  1/2-1/2

[Event "V Open"]
[Site "Sauzal ESP"]
[Date "2004.11.07"]
[Round "8"]
[White "Diaz Leon,R"]
[Black "Cifuentes Parada,R"]
[Result "0-1"]
[WhiteElo "2245"]
[BlackElo "2540"]

1.e4 d6 2.d4 Nf6 3.Nc3 e5 4.dxe5 dxe5 5.Qxd8+ Kxd8 6.Be3 Be6 7.O-O-O+ Nbd7
8.f3 c6 9.g3 Bb4 10.Nce2 Kc7 11.Bh3 Rhe8 12.Bxe6 Rxe6 13.g4 Bc5 14.Bd2 a5
15.Ng3 Nb6 16.b3 a4 17.Kb1 axb3 18.cxb3 Ne8 19.N1e2 f6 20.Nc3 Nd7 21.a4 Nf8
22.h4 Rd6 23.Bc1 Ne6 24.Rxd6 Nxd6 25.Nf5 Nf7 26.Ne2 Rd8 27.Kc2 g6 28.Ne3 Nd4+
29.Nxd4 exd4 30.Nc4 d3+ 31.Kc3 b5 32.axb5 cxb5 33.Bf4+ Kb7 34.Na5+ Kb6 35.b4  0-1

[Event "V Open"]
[Site "Sauzal ESP"]
[Date "2004.11.07"]
[Round "8"]
[White "Rodriguez Guerrero,E"]
[Black "Strikovic,A"]
[Result "0-1"]
[WhiteElo "2433"]
[BlackElo "2470"]

1.e4 d6 2.d4 Nf6 3.Nc3 e5 4.Nf3 Nbd7 5.h3 exd4 6.Nxd4 Nc5 7.Qe2 Be7 8.g4 d5
9.e5 Nfe4 10.Bg2 Nxc3 11.bxc3 h5 12.Nf5 Bg5 13.Be3 Ne6 14.Rd1 c6 15.c4 hxg4
16.hxg4 Rxh1+ 17.Bxh1  0-1

[Event "V Open"]
[Site "Sauzal ESP"]
[Date "2004.11.07"]
[Round "9"]
[White "Gaponenko,I"]
[Black "Hernandez,Gi"]
[Result "1-0"]
[WhiteElo "2445"]
[BlackElo "2509"]

1.e4 d6 2.d4 Nf6 3.Nc3 Nbd7 4.Nf3 e5 5.Bc4 Be7 6.O-O O-O 7.a4 c6 8.Ba2 a5
9.Re1 Qb6 10.h3 exd4 11.Qxd4 Qb4 12.Bf4 Nc5 13.Bd2 Kh8 14.Bc4 Ne6 15.Qd3 Nc5
16.Qd4 Ne6 17.Qd3 Nc5 18.Qe2 Qb6 19.e5 dxe5 20.Qxe5 Be6 21.Bxe6 fxe6 22.b3 Rad8
23.Rad1 Rfe8  1-0

[Event "TCh-SWE Elitserien 2004-5"]
[Site "Skara SWE"]
[Date "2004.11.07"]
[Round "3"]
[White "Winge,S"]
[Black "Andersson,J"]
[Result "0-1"]
[WhiteElo "2285"]
[BlackElo "2150"]

1.e4 d6 2.d4 Nf6 3.Nc3 c6 4.f4 Qa5 5.e5 Ne4 6.Bd3 Nxc3 7.Qd2 dxe5 8.fxe5 g6
9.Nf3 Bg7 10.O-O O-O 11.bxc3 b6 12.Qe1 Ba6 13.Bd2 Qd5 14.Be4 Qd7 15.Rf2 Bc4
16.Bf4 Na6 17.Nd2 Be6 18.Qe2 Nc7 19.Qf3 Bd5 20.c4 Bxe4 21.Qxe4 Ne6 22.Be3 f5
23.exf6 exf6 24.c3 f5 25.Qh4 f4 26.Bxf4 Rxf4 27.Rxf4 g5 28.Qg4 gxf4 29.Re1 Nc5
30.Qg5 Re8 31.Rxe8+ Qxe8 32.dxc5 Qe3+ 33.Kf1 Qxd2 34.cxb6 axb6 35.h4 Qd1+
36.Kf2 Qd2+ 37.Kf1 Qd3+ 38.Kf2 Qe3+ 39.Kf1 h6 40.Qg6 f3 41.gxf3 Qxf3+ 42.Kg1 Qe3+
43.Kh1 Qe1+ 44.Kg2 Qe2+ 45.Kg1 Qxc4 46.h5 Qc5+ 47.Kf1 Qb5+ 48.Ke1 Qe5+ 49.Kd1 Qd5+
50.Ke1 Kf8 51.Ke2 Qxa2+ 52.Ke3 Qd5 53.Ke2 b5  0-1

[Event "TCh-SWE Elitserien 2004-5"]
[Site "Skara SWE"]
[Date "2004.11.07"]
[Round "3"]
[White "Lindberg,Bo"]
[Black "Dalso,H"]
[Result "1-0"]
[WhiteElo "2326"]
[BlackElo "2026"]

1.d4 d6 2.e4 Nf6 3.Nc3 c6 4.f4 g6 5.e5 Ng4 6.Nf3 d5 7.h3 Nh6 8.g4 e6 9.Be3 Nd7
10.Qd2 Ng8 11.f5 exf5 12.gxf5 Nb6 13.e6 f6 14.Be2 Ne7 15.Nh4 Nc4 16.Bxc4 dxc4
17.Qe2 Qa5 18.Bd2 Bg7 19.Ne4 Qd5 20.O-O-O b5 21.Bb4 a5 22.Bc5 Ba6 23.Nd6+ Kf8
24.Nf7 Ke8 25.Rhg1 Rf8 26.Nd6+ Kd8 27.Bb6+  1-0

[Event "WYg14"]
[Site "Heraklio GRE"]
[Date "2004.11.10"]
[Round "7"]
[White "Anjanaa,N"]
[Black "Nemcova,Ka"]
[Result "0-1"]
[WhiteElo "1957"]
[BlackElo "2117"]

1.e4 d6 2.d4 Nf6 3.Nc3 c6 4.a4 Qa5 5.Bd2 e5 6.dxe5 dxe5 7.Nd5 Qd8 8.Nxf6+ Qxf6
9.Nf3 h6 10.Bc3 Nd7 11.Qd2 Bd6 12.Bd3 O-O 13.Qe2 Nc5 14.Bd2 Bg4 15.Bc4 Qg6
16.Bd3 f5 17.exf5 Nxd3+ 18.Qxd3 Bxf5 19.Qc4+ Be6 20.Qd3 Qxg2 21.O-O-O Qxf3
22.Qxd6 Qf6 23.Rhg1 Bd5 24.Qb4 Rf7 25.Be3 b6 26.Rg3 Kh8 27.Rdg1 c5 28.Qc3 Be4
29.Qc4 Bh7 30.Qg4 Rd8 31.Qc4 Qf5 32.Qc3 Rdd7 33.Qb3 Rf6 34.Qc3 a5 35.b3 Rg6
36.Rxg6 Bxg6 37.Kb2 Kh7 38.Qc4 Rd6 39.Rg3 Rd1 40.Qe2 Bh5 41.f3 Rd6 42.Qg2 Rd7
43.Qh3 Rf7 44.Qxf5+ Rxf5 45.Bd2 Bxf3 46.Bc3 g5 47.Bxe5 Rxe5 48.Rxf3 Kg6 49.Rf8 g4
50.Rb8 Re6 51.Rg8+ Kh5 52.Rb8 Rg6 53.Kc3 Kh4 54.Re8 Kh3 55.Re2 h5 56.Kd2 h4
57.Ke1 g3 58.hxg3 hxg3 59.Kf1 Rf6+ 60.Kg1 Rd6 61.Re1 Rd2 62.Rc1 Rg2+ 63.Kh1 Rd2
64.Kg1 Kg4 65.Kh1 Kf3 66.Rf1+ Rf2 67.Rc1 Ke2 68.c3 Rf1+  0-1

[Event "WYg18"]
[Site "Heraklio GRE"]
[Date "2004.11.11"]
[Round "9"]
[White "Mar,K"]
[Black "Fominykh,M"]
[Result "1/2-1/2"]
[WhiteElo "2122"]
[BlackElo "2309"]

1.e4 d6 2.d4 Nf6 3.Nc3 e5 4.Nf3 Nbd7 5.Bc4 Be7 6.O-O O-O 7.Re1 c6 8.a4 b6
9.b3 a6 10.Bb2 Rb8 11.Bd3 b5 12.Ne2 Qc7 13.Ng3 Re8 14.Qd2 c5 15.dxe5 Nxe5
16.Nxe5 dxe5 17.axb5 axb5 18.c4 bxc4 19.Bxc4 Bf8 20.Qc3 Qb7 21.Ra5 Be6 22.Rb5 Qc8
23.Rxb8 Qxb8 24.Ba3 Bxc4 25.bxc4 Rd8 26.Bb2 Nd7 27.Nf5 Nb6 28.Qg3 g6 29.Bxe5 Qb7
30.Qh4 Re8 31.Ba1 Qc6 32.Re3 h5 33.Ng3 Ra8 34.Bc3 Qd6 35.Rd3 Qxd3 36.Qf6 Qxc3
37.Qxc3 Ra4  1/2-1/2

[Event "16th Open"]
[Site "Leuven BEL"]
[Date "2004.11.12"]
[Round "2"]
[White "Verboven,P"]
[Black "Wuts,F"]
[Result "0-1"]
[WhiteElo "2036"]
[BlackElo "2306"]

1.e4 d6 2.d4 Nf6 3.Nc3 c6 4.Nf3 Bg4 5.h3 Bh5 6.Be3 Nbd7 7.Bd3 e5 8.g4 Bg6
9.Qe2 Qc7 10.Nh4 Be7 11.Nf5 Bxf5 12.gxf5 Qa5 13.f4 exf4 14.Bxf4 Qb4 15.Qe3 Nh5
16.Bh2 Qxb2 17.Kd2 h6 18.Rag1 Qb4 19.Be2 Nb6 20.Qd3 Bg5+ 21.Rxg5 hxg5 22.Rb1 Qa5
23.Bxd6 Nf4 24.Bxf4 gxf4 25.Rg1 Kf8 26.Rg4 Na4 27.h4 Rd8  0-1

[Event "3rd Cup Russia Wom Final"]
[Site "Voronezh RUS"]
[Date "2004.11.13"]
[Round "1"]
[White "Kochetkova,J"]
[Black "Kirillova,V"]
[Result "1/2-1/2"]
[WhiteElo "2311"]
[BlackElo "2262"]

1.e4 d6 2.d4 Nf6 3.Nc3 e5 4.Nf3 Nbd7 5.Bc4 Be7 6.O-O O-O 7.Re1 c6 8.a4 b6
9.Bg5 h6 10.dxe5 Nxe5 11.Nxe5 dxe5 12.Bh4 Qc7 13.h3 a6 14.Qf3 Bb7 15.Bb3 b5
16.Qf5 Bc8 17.Qf3 Bb7 18.Qf5 Bc8 19.Qf3  1/2-1/2